000 00410nam a22001817a 4500
003 MPLRDC
005 20220104114252.0
008 210129b ||||| |||| 00| 0 eng d
082 _a538.4 YDG
100 _a殷登国
245 _a风月无边
_c
250 _a初版
260 _a
_b河洛出版社
_c1983
300 _b
490 _a古典的不文. 2
650 _a姻缘
942 _cBK
_o538.4 YDG
999 _c6167
_d6157